• 首页
  • 本馆介绍
  • 公告通知
  • 最新文献
  • 馆藏检索
  • 电子资源
  • 读者导购
  • 参考咨询
  • 我的图书馆
  • 登录
  • 详细信息显示
  • 放入我的书架
  • 预约/预借图书
  • 作者相关作品
  • 分类相关作品
  • 丛书相关作品
  • 出版社相关作品

书目信息

  • 表格格式
  • 工作单格式
  • 卡片格式
题名:
食品营养与卫生项目化教程
    
 
作者: 刘淑英 , 李苹苹 主编
分册:  
出版信息: 北京   中国书籍出版社  2017.2
页数: 262页
开本: 19cm
丛书名:
单 册:
中图分类: R15
科图分类:
主题词: 食品营养--高等职业教育--教材 , 食品卫生--高等职业教育--教材
电子资源:
ISBN: 978-7-5068-6075-8
000 01105nam0 2200241 450
001 178
005 20180921102621.34
010    @a978-7-5068-6075-8@dCNY38.00
100    @a20170327d2017 em y0chiy0110 ea
101 0  @achi
102    @aCN@b110000
105    @ay z 000yy
200 1  @a食品营养与卫生项目化教程@9shi pin ying yang yu wei sheng xiang mu hua jiao cheng@f刘淑英,李苹苹主编
210    @a北京@c中国书籍出版社@d2017.2
215    @a262页@d19cm
330    @a本书由十多位来自不同学校的从事该学科教学的教师共同编写而成。该教材涵盖了食品的基础知识和食品卫生公共知识,共分为两大模块:食品营养模块和食品卫生模块。每个模块又分为若干项目,主要讲述人体需要的各种热能、人体缺乏及中毒症、推荐人体的需要量和主要来源;不同人群的营养需求;食品污染途径及预防措施;食物中毒的发病机理及预防措施等,既体现了专业性、知识性、前沿性和科学性,又具有一定的趣味性。
606 0  @a食品营养@x高等职业教育@j教材
606 0  @a食品卫生@x高等职业教育@j教材
690    @aR15@v5
701  0 @a刘淑英@9liu shu ying@4主编
701  0 @a李苹苹@9li ping ping@4主编
801  0 @aCN@b91CIP@c20170327
905    @aMuseLib@dR15@e130
    
    食品营养与卫生项目化教程/刘淑英,李苹苹主编.-北京:中国书籍出版社,2017.2
    262页;19cm
    
    
    ISBN 978-7-5068-6075-8:CNY38.00
    本书由十多位来自不同学校的从事该学科教学的教师共同编写而成。该教材涵盖了食品的基础知识和食品卫生公共知识,共分为两大模块:食品营养模块和食品卫生模块。每个模块又分为若干项目,主要讲述人体需要的各种热能、人体缺乏及中毒症、推荐人体的需要量和主要来源;不同人群的营养需求;食品污染途径及预防措施;食物中毒的发病机理及预防措施等,既体现了专业性、知识性、前沿性和科学性,又具有一定的趣味性。
●
相关链接 在E读中查询图书 在五车中查询图书 在当当中查询图书 在豆瓣中查询图书


正题名:食品营养与卫生项目化教程     索取号:R15/130         预约/预借

序号 登录号 条形码 馆藏地/架位号 状态 备注
1 1118624   211186241   第二样本阅览室/ [索取号:R15/130] 在馆    
2 1118625   211186250   第三借阅区/ [索取号:R15/130] 在馆    
3 1118626   211186269   第三借阅区/ [索取号:R15/130] 在馆    
4 1118627   211186278   第三借阅区/ [索取号:R15/130] 在馆    
5 1118628   211186287   第三借阅区/ [索取号:R15/130] 在馆    
唐山师范学院图书馆 欢迎您!
大连网信软件有限公司© 版权所有